ARRUPE JESUIT UNIVERSITY

CORONAVIRUS -STOP THE SPREAD - CLEAN,DISINFECT,COVER

Colonial South Africa and the origins of the racial order / (Record no. 67146)

MARC details
000 -LEADER
fixed length control field 01173cam a2200313 a 4500
001 - CONTROL NUMBER
control field 3053805
003 - CONTROL NUMBER IDENTIFIER
control field ARRUPE
005 - DATE AND TIME OF LATEST TRANSACTION
control field 20170529102804.0
008 - FIXED-LENGTH DATA ELEMENTS--GENERAL INFORMATION
fixed length control field 960904s1996 vau b 001 0 eng
010 ## - LIBRARY OF CONGRESS CONTROL NUMBER
LC control number 96035827
020 ## - INTERNATIONAL STANDARD BOOK NUMBER
International Standard Book Number 0813917352
020 ## - INTERNATIONAL STANDARD BOOK NUMBER
Cancelled/invalid ISBN 0813517360 (pbk.)
040 ## - CATALOGING SOURCE
Original cataloging agency DLC
Transcribing agency DLC
Modifying agency DLC
043 ## - GEOGRAPHIC AREA CODE
Geographic area code f-sa---
050 00 - LIBRARY OF CONGRESS CALL NUMBER
Classification number DT1756
Item number .K44 1996
082 00 - DEWEY DECIMAL CLASSIFICATION NUMBER
Classification number 305.8/00968
Edition number 20
300 ## - PHYSICAL DESCRIPTION
Dimensions 24 cm.
100 1# - MAIN ENTRY--PERSONAL NAME
Personal name Keegan, Timothy J.
9 (RLIN) 31228
245 10 - TITLE STATEMENT
Title Colonial South Africa and the origins of the racial order /
Statement of responsibility, etc Timothy Keegan.
260 ## - PUBLICATION, DISTRIBUTION, ETC. (IMPRINT)
Place of publication, distribution, etc Charlottesville :
Name of publisher, distributor, etc University Press of Virginia,
Date of publication, distribution, etc 1996.
300 ## - PHYSICAL DESCRIPTION
Extent x, 368 p. ;
440 #0 - SERIES STATEMENT/ADDED ENTRY--TITLE
Title Reconsiderations in southern African history
9 (RLIN) 3804
504 ## - BIBLIOGRAPHY, ETC. NOTE
Bibliography, etc Includes bibliographical references (p. [294]-357) and index.
651 #0 - SUBJECT ADDED ENTRY--GEOGRAPHIC NAME
Geographic name South Africa
General subdivision Race relations.
9 (RLIN) 31229
651 #0 - SUBJECT ADDED ENTRY--GEOGRAPHIC NAME
Geographic name South Africa
General subdivision History
Chronological subdivision To 1836.
9 (RLIN) 31230
651 #0 - SUBJECT ADDED ENTRY--GEOGRAPHIC NAME
Geographic name South Africa
General subdivision History
Chronological subdivision 1836-1909.
9 (RLIN) 31231
906 ## - LOCAL DATA ELEMENT F, LDF (RLIN)
a 7
b cbc
c orignew
d 1
e ocip
f 19
g y-gencatlg
942 ## - ADDED ENTRY ELEMENTS (KOHA)
Source of classification or shelving scheme Library of Congress Classification
Koha item type Monograph ( Printed materials)
Holdings
Withdrawn status Lost status Source of classification or shelving scheme Damaged status Not for loan Collection code Home library Current library Shelving location Date acquired Total Checkouts Full call number Barcode Date last seen Date checked out Copy number Price effective from Koha item type
    Library of Congress Classification     Main Collection ARRUPE LIBRARY ARRUPE LIBRARY   05/03/2013 1 DT1756.K44 1997 46004003943 17/01/2023 12/01/2023 1 05/03/2013 Monograph ( Printed materials)

 

Arrupe Library. PO Box MP320 Mt Pleasant, Harare, Zimbabwe
263 242 745411|librarian@aju.ac.zw